| 000 -LEADER |
| fixed length control field |
01637cam a2200385 a 4500 |
| 001 - CONTROL NUMBER |
| control field |
14425832 |
| 003 - CONTROL NUMBER IDENTIFIER |
| control field |
NUST-PNEC |
| 005 - DATE AND TIME OF LATEST TRANSACTION |
| control field |
20170116180656.0 |
| 008 - FIXED-LENGTH DATA ELEMENTS--GENERAL INFORMATION |
| fixed length control field |
060623s2008 maua b 001 0 eng |
| 010 ## - LIBRARY OF CONGRESS CONTROL NUMBER |
| LC control number |
2006021201 |
| 020 ## - INTERNATIONAL STANDARD BOOK NUMBER |
| International Standard Book Number |
0073529214 (hard copy : alk. paper) |
| 020 ## - INTERNATIONAL STANDARD BOOK NUMBER |
| International Standard Book Number |
9780073529219 (hard copy : alk. paper) |
| 020 ## - INTERNATIONAL STANDARD BOOK NUMBER |
| International Standard Book Number |
0071250840 (pbk.) |
| 020 ## - INTERNATIONAL STANDARD BOOK NUMBER |
| International Standard Book Number |
9780071250849 (pbk.) |
| 035 ## - SYSTEM CONTROL NUMBER |
| System control number |
(OCoLC)ocm63691383 |
| 035 ## - SYSTEM CONTROL NUMBER |
| System control number |
(OCoLC)63691383 |
| 040 ## - CATALOGING SOURCE |
| Original cataloging agency |
DLC |
| Transcribing agency |
PNEC |
| Modifying agency |
YQU |
| -- |
C#P |
| -- |
BTCTA |
| -- |
YDXCP |
| -- |
DLC |
| 050 00 - LIBRARY OF CONGRESS CALL NUMBER |
| Classification number |
TJ265 |
| Item number |
.C43 2008 |
| 082 00 - DEWEY DECIMAL CLASSIFICATION NUMBER |
| Classification number |
621.4021 CEN |
| 100 1# - MAIN ENTRY--PERSONAL NAME |
| Personal name |
Çengel, Yunus A. |
| 245 10 - TITLE STATEMENT |
| Title |
Thermodynamics : |
| Remainder of title |
an engineering approach / |
| Statement of responsibility, etc. |
Yunus A. Çengel, Michael A. Boles. |
| 250 ## - EDITION STATEMENT |
| Edition statement |
6th ed. |
| 260 ## - PUBLICATION, DISTRIBUTION, ETC. |
| Place of publication, distribution, etc. |
Boston : |
| Name of publisher, distributor, etc. |
McGraw-Hill Higher Education, |
| Date of publication, distribution, etc. |
c2008. |
| 300 ## - PHYSICAL DESCRIPTION |
| Extent |
xxxi, 1018 p. : |
| Other physical details |
ill. ; |
| Dimensions |
27 cm. + |
| Accompanying material |
1 DVD-ROM (4 3/4 in.). |
| 490 1# - SERIES STATEMENT |
| Series statement |
McGraw-Hill series in mechanical engineering |
| 500 ## - GENERAL NOTE |
| General note |
http://www.amazon.com/Thermodynamics-Engineering-McGraw-Hill-Mechanical-Aerospace/dp/0073529214/ref=sr_1_1?s=books&ie=UTF8&qid=1409546673&sr=1-1&keywords=0073529214 |
| 504 ## - BIBLIOGRAPHY, ETC. NOTE |
| Bibliography, etc. note |
Includes bibliographical references and index. |
| 650 #0 - SUBJECT ADDED ENTRY--TOPICAL TERM |
| Topical term or geographic name entry element |
Thermodynamics. |
| 700 1# - ADDED ENTRY--PERSONAL NAME |
| Personal name |
Boles, Michael A. |
| 830 #0 - SERIES ADDED ENTRY--UNIFORM TITLE |
| Uniform title |
McGraw-Hill series in mechanical and aerospace engineering. |
| 856 41 - ELECTRONIC LOCATION AND ACCESS |
| Materials specified |
Table of contents only |
| Uniform Resource Identifier |
<a href="http://www.loc.gov/catdir/toc/ecip0616/2006021201.html">http://www.loc.gov/catdir/toc/ecip0616/2006021201.html</a> |
| 906 ## - LOCAL DATA ELEMENT F, LDF (RLIN) |
| a |
7 |
| b |
cbc |
| c |
orignew |
| d |
1 |
| e |
ecip |
| f |
20 |
| g |
y-gencatlg |
| 942 ## - ADDED ENTRY ELEMENTS (KOHA) |
| Source of classification or shelving scheme |
|
| Koha item type |
Book |